| 000 | 00368nam a2200121Ia 4500 | ||
|---|---|---|---|
| 008 | 170224s9999 xx 000 0 und d | ||
| 245 | _aIs Antibiotic Prophylaxis Effective in Preventing Lower Respiratory Tract Infections in High-Risk Children? | ||
| 260 | _bAmerican Journal of Nursing | ||
| 260 | _c2016 | ||
| 300 | _a116:3 | ||
| 500 | _aMarch | ||
| 650 | _xNursing. | ||
| 999 |
_c316977 _d316977 |
||